[Event "Asian Nations Cup 2016"]
[Site "Abu Dhabi UAE"]
[Date "2016.03.30"]
[Round "3.2"]
[White "Sethuraman, S.P."]
[Black "Ismagambetov, Anuar"]
[Result "1-0"]
[WhiteTitle "GM"]
[BlackTitle "GM"]
[WhiteElo "2658"]
[BlackElo "2559"]
[WhiteTeam "India"]
[BlackTeam "Kazakhstan"]
[WhiteFideId "5021596"]
[BlackFideId "13701525"]
[EventDate "2016.03.28"]
[EventType "team"]

1. e4 c5 2. Nf3 Nc6 3. d4 cxd4 4. Nxd4 e5 5. Nb5 d6 6. N1c3 a6 7. Na3 b5 8. Nd5
Nf6 9. c4 b4 10. Nc2 Be7 11. Ncxb4 Nxb4 12. Qa4+ Bd7 13. Qxb4 Nxe4 14. Be3 Rb8
15. Qa3 Bg5 16. Bd3 Bxe3 17. Nxe3 Nc5 18. Bc2 a5 19. O-O-O Be6 20. Rd2 Qc7 21.
Rhd1 Rd8 22. Ba4+ Ke7 23. Bb5 h5 24. g3 g5 25. f4 gxf4 26. gxf4 exf4 27. Ng2
Rhg8 28. Nxf4 Rg5 29. Re1 Kf8 30. Rf2 Ke7 31. Qf3 Rdg8 32. Nxe6 1-0

[Event "Asian Nations Cup 2016"]
[Site "Abu Dhabi UAE"]
[Date "2016.03.30"]
[Round "3.3"]
[White "Kazhgaleyev, Murtas"]
[Black "Vidit, Santosh Gujrathi"]
[Result "0-1"]
[WhiteTitle "GM"]
[BlackTitle "GM"]
[WhiteElo "2570"]
[BlackElo "2648"]
[WhiteTeam "Kazakhstan"]
[BlackTeam "India"]
[WhiteFideId "13700316"]
[BlackFideId "5029465"]
[EventDate "2016.03.28"]
[EventType "team"]

1. d4 Nf6 2. c4 g6 3. g3 Bg7 4. Bg2 O-O 5. Nc3 d6 6. e3 e5 7. Nge2 Nbd7 8. O-O
Re8 9. h3 c6 10. Qc2 exd4 11. Nxd4 Nb6 12. b3 c5 13. Nde2 Bf5 14. Qd1 d5 15. Ba3
dxc4 16. Qxd8 Raxd8 17. Bxc5 Ne4 18. Bxe4 Bxe4 19. Bd4 Bd3 20. Bxg7 Kxg7 21.
Rfc1 g5 22. Nd4 h5 23. Rd1 Bg6 24. Rac1 a6 25. bxc4 Nxc4 26. Na4 b5 27. Nc5 Rd6
28. Rc3 g4 29. h4 Kf6 30. Rdc1 Ne5 31. Ra3 Ra8 32. Nxb5 Nf3+ 33. Kg2 Rd2 34. Nc3
Kg7 35. Rxa6 Rc8 36. Nb3 Rd3 37. Ne2 Rxc1 38. Nbxc1 Rd1 39. Ra4 Ne1+ 40. Kh2
Nf3+ 41. Kg2 Bf5 42. e4 Bd7 43. Ra6 Bb5 44. Rb6 Bc4 45. Rc6 Bb5 46. Rb6 Bc4 47.
Rc6 Ne5 48. Rc5 Kf6 49. a4 Re1 50. Rxc4 Nxc4 51. f3 gxf3+ 52. Kxf3 Rf1+ 53. Kg2
Ne3+ 54. Kh2 Ke5 55. a5 Kxe4 56. a6 Rf6 57. Nc3+ Kf3 58. a7 Ra6 59. N1e2 Rxa7
60. Kh3 Ng4 61. Nd4+ Kf2 62. Nd1+ Kg1 63. Ne2+ Kh1 64. Nf4 Ra2 0-1

[Event "Asian Nations Cup 2016"]
[Site "Abu Dhabi UAE"]
[Date "2016.03.30"]
[Round "3.4"]
[White "Sasikiran, Krishnan"]
[Black "Khusnutdinov, Rustam"]
[Result "1-0"]
[WhiteTitle "GM"]
[BlackTitle "GM"]
[WhiteElo "2637"]
[BlackElo "2496"]
[WhiteTeam "India"]
[BlackTeam "Kazakhstan"]
[WhiteFideId "5004985"]
[BlackFideId "13701703"]
[EventDate "2016.03.28"]
[EventType "team"]

1. e4 e6 2. d4 d5 3. Nd2 Be7 4. Bd3 c5 5. dxc5 Nf6 6. Qe2 O-O 7. Ngf3 a5 8. O-O
Na6 9. exd5 exd5 10. Nb3 Nxc5 11. Be3 Nxd3 12. Qxd3 a4 13. Nbd4 a3 14. b3 Bd7
15. Ne5 Rc8 16. Rad1 Bb4 17. Nxd7 Qxd7 18. Nb5 Qe6 19. c3 Be7 20. Rfe1 Qe4 21.
Bg5 Qxd3 22. Rxd3 Rfe8 23. Kf1 Rc5 24. Bxf6 gxf6 25. Nd6 1-0

[Event "Asian Nations Cup 2016"]
[Site "Abu Dhabi UAE"]
[Date "2016.03.30"]
[Round "3.1"]
[White "Gundavaa, Bayarsaikhan"]
[Black "Dzhumaev, Marat"]
[Result "1-0"]
[WhiteTitle "GM"]
[BlackTitle "GM"]
[WhiteElo "2517"]
[BlackElo "2481"]
[WhiteTeam "Mongolia"]
[BlackTeam "Uzbekistan"]
[WhiteFideId "4901045"]
[BlackFideId "14200236"]
[EventDate "2016.03.28"]
[EventType "team"]

1. d4 d6 2. Nf3 g6 3. e4 Nf6 4. Nc3 Bg7 5. Be2 O-O 6. O-O e6 7. Bf4 Nc6 8. Qd2
d5 9. e5 Ne4 10. Qe3 Nxc3 11. bxc3 Ne7 12. g4 c5 13. Bg5 Bd7 14. Rfb1 cxd4 15.
cxd4 Bc6 16. Bd3 Rc8 17. h4 h6 18. Bxh6 f5 19. exf6 Rxf6 20. Bxg7 Kxg7 21. Ng5
Qh8 22. Qg3 Rcf8 23. Re1 Kg8 24. Nxe6 Rf3 25. Qe5 R8f6 26. Qb8+ Rf8 27. Nxf8
Rxf8 28. Qg3 Qxd4 29. Rad1 Qf6 30. Re5 d4 31. Rde1 Nd5 32. Bc4 Rd8 33. Re6 Qf7
34. Re7 Qf8 35. Qe5 Qh6 36. Bxd5+ 1-0

[Event "Asian Nations Cup 2016"]
[Site "Abu Dhabi UAE"]
[Date "2016.03.30"]
[Round "3.2"]
[White "Barsov, Alexei"]
[Black "Batchuluun, Tsegmed"]
[Result "1/2-1/2"]
[WhiteTitle "GM"]
[BlackTitle "GM"]
[WhiteElo "2460"]
[BlackElo "2460"]
[WhiteTeam "Uzbekistan"]
[BlackTeam "Mongolia"]
[WhiteFideId "14200082"]
[BlackFideId "4900847"]
[EventDate "2016.03.28"]
[EventType "team"]

1. d4 Nf6 2. c4 e6 3. Nc3 Bb4 4. Nf3 c5 5. g3 cxd4 6. Nxd4 Ne4 7. Qd3 Nxc3 8.
bxc3 Be7 9. Bg2 O-O 10. O-O d6 11. Rd1 a6 12. Nb3 Qc7 13. Bf4 e5 14. Be3 Nd7 15.
a4 f5 16. a5 Kh8 17. Ra4 Rb8 18. Ba7 Ra8 19. Be3 Rb8 20. Ba7 Ra8 21. Be3 Rb8 1/2-1/2

[Event "Asian Nations Cup 2016"]
[Site "Abu Dhabi UAE"]
[Date "2016.03.30"]
[Round "3.3"]
[White "Munkhgal, Gombosuren"]
[Black "Fayzullaev, Akmal"]
[Result "1-0"]
[WhiteTitle "IM"]
[BlackTitle "FM"]
[WhiteElo "2419"]
[BlackElo "2405"]
[WhiteTeam "Mongolia"]
[BlackTeam "Uzbekistan"]
[WhiteFideId "4901266"]
[BlackFideId "14200554"]
[EventDate "2016.03.28"]
[EventType "team"]

1. d4 Nf6 2. c4 d6 3. Nf3 g6 4. g3 Bg7 5. Bg2 O-O 6. O-O c6 7. Nc3 Bf5 8. Nh4
Be6 9. b3 Qc8 10. e4 Bh3 11. e5 dxe5 12. dxe5 Bxg2 13. Nxg2 Ng4 14. f4 f6 15.
exf6 Bxf6 16. Bb2 Qf5 17. Qe2 Qh5 18. Ne1 Na6 19. Nf3 Rad8 20. Rad1 Nc7 21. b4
a5 22. a3 axb4 23. axb4 Na6 24. Kg2 Qf5 25. h3 Nh6 26. Na2 Nf7 27. Nd4 Bxd4 28.
Bxd4 Rfe8 29. g4 Qc8 30. f5 c5 31. Ba1 Qc6+ 32. Kg1 Rxd1 33. Rxd1 cxb4 34. Qb2
Qf6 35. fxg6 Qxg6 36. Nxb4 Nxb4 37. Qxb4 Qc2 38. Rf1 Ng5 39. Qa3 Qe2 40. Qg3
Qxc4 41. Qe5 Nxh3+ 42. Kh2 Qc2+ 43. Kxh3 Qd3+ 44. Kh4 1-0

[Event "Asian Nations Cup 2016"]
[Site "Abu Dhabi UAE"]
[Date "2016.03.30"]
[Round "3.4"]
[White "Khoroshev, Nikita"]
[Black "Bilguun, Sumiya"]
[Result "1/2-1/2"]
[WhiteTitle "FM"]
[BlackTitle "FM"]
[WhiteElo "2337"]
[BlackElo "2363"]
[WhiteTeam "Uzbekistan"]
[BlackTeam "Mongolia"]
[WhiteFideId "14200287"]
[BlackFideId "4901541"]
[EventDate "2016.03.28"]
[EventType "team"]

1. d4 d5 2. c4 e6 3. Nf3 c6 4. Nbd2 Nf6 5. g3 Nbd7 6. Bg2 Bd6 7. O-O O-O 8. Qc2
Re8 9. Rd1 Qe7 10. Re1 e5 11. dxe5 Nxe5 12. Nxe5 Qxe5 13. cxd5 cxd5 14. Nf3 Qh5
15. Bg5 Ng4 16. Rad1 Be6 17. h3 Ne5 18. Bf4 Bxh3 19. Bxe5 Bxe5 20. Rxd5 f6 21.
Bxh3 Qxh3 22. Nxe5 fxe5 23. Qb3 Qe6 24. Rxe5 Qxb3 25. Rxe8+ Rxe8 26. axb3 Re4
27. Ra1 Rxe2 28. Rxa7 Re7 29. Ra5 Re6 30. Rb5 b6 31. f4 Re2 32. Rxb6 Rxb2 33.
Rb7 h5 34. Rb5 Kf7 35. Rxh5 Rxb3 36. Kg2 g6 37. Ra5 Kg7 38. Kh3 Kh6 39. Kh4 Rb4
40. Ra6 Rc4 41. Re6 Ra4 42. Kg4 Ra3 43. Kh3 Kg7 44. Kg2 Kf7 45. Re5 Kf6 46. Kf2
Rb3 47. Re3 Rb4 48. Ra3 Rb5 49. g4 Rb4 50. Kf3 Kf7 51. Ra7+ Kf8 52. Rd7 Ra4 53.
g5 Rb4 54. Ke3 Ra4 55. Rd4 Ra6 56. Ke4 Ke7 57. Rd5 Ra1 58. Re5+ Kf7 59. Rc5 Re1+
60. Kd5 Rd1+ 61. Ke5 Re1+ 62. Kd4 Rd1+ 63. Ke3 Re1+ 64. Kf2 Re4 65. Kf3 Ra4 66.
Rc7+ Kf8 67. Rd7 Rb4 68. Rd6 Kf7 69. Ke3 Ra4 70. Rd4 Ra7 71. Ke4 Re7+ 72. Kd5
Re1 73. Kd6 Ra1 74. Kc6 Rc1+ 75. Kd5 Re1 76. Re4 Ra1 77. Rc4 Rd1+ 78. Ke5 Re1+
79. Kd6 Rd1+ 80. Kc7 Ke6 81. Rc6+ Kf5 82. Rf6+ Kg4 83. Rxg6 Kxf4 84. Rd6 Rxd6
85. Kxd6 Kxg5 1/2-1/2

[Event "Asian Nations Cup 2016"]
[Site "Abu Dhabi UAE"]
[Date "2016.03.30"]
[Round "3.1"]
[White "Weerawardane, Romesh"]
[Black "Murshed, Niaz"]
[Result "0-1"]
[WhiteTitle "IM"]
[BlackTitle "GM"]
[WhiteElo "2084"]
[BlackElo "2446"]
[WhiteTeam "Sri Lanka"]
[BlackTeam "Bangladesh"]
[WhiteFideId "9900373"]
[BlackFideId "10200010"]
[EventDate "2016.03.28"]
[EventType "team"]

1. e4 c5 2. Nf3 Nc6 3. d4 cxd4 4. Nxd4 Qc7 5. Nc3 e6 6. Be3 a6 7. Bd3 Nf6 8. O-O
Bd6 9. h3 h5 10. Re1 b5 11. Nb3 Bh2+ 12. Kf1 h4 13. Bc5 Bb7 14. a4 b4 15. Nd5
exd5 16. exd5+ Ne5 17. Bxb4 Bxd5 18. Qd2 Be6 19. Qg5 Nxd3 20. cxd3 Qb7 21. Qxg7
Rg8 22. Qxf6 Qxb4 23. Nd4 Qe7 24. Qf3 Rb8 25. Re4 Rg6 26. Rc1 Qg5 27. Rc2 Kf8
28. Nxe6+ dxe6 29. Rg4 Qh5 30. Qe2 Rxg4 31. hxg4 Qe5 32. Qd2 Bf4 33. Qc3 Qxc3
34. bxc3 Rb1+ 35. Ke2 Ra1 36. Kf3 Rxa4 37. d4 Bg5 38. Ke4 a5 39. f4 Be7 40. f5
exf5+ 41. gxf5 Rc4 42. Kd5 Rc8 43. c4 Bf6 44. Ke4 Ke7 45. c5 Rb8 46. d5 Rb4+ 47.
Ke3 Rb3+ 48. Ke4 Rc3 49. d6+ Kd7 50. Rxc3 Bxc3 51. Kd5 Bb4 0-1

[Event "Asian Nations Cup 2016"]
[Site "Abu Dhabi UAE"]
[Date "2016.03.30"]
[Round "3.2"]
[White "Mollah Abdullah, Al Rakib"]
[Black "Priyankara, Chamil"]
[Result "1-0"]
[WhiteTitle "GM"]
[WhiteElo "2478"]
[BlackElo "2016"]
[WhiteTeam "Bangladesh"]
[BlackTeam "Sri Lanka"]
[WhiteFideId "10200444"]
[BlackFideId "9901566"]
[EventDate "2016.03.28"]
[EventType "team"]

1. d4 Nf6 2. Nf3 g6 3. Bf4 Bg7 4. e3 O-O 5. Be2 d6 6. O-O c5 7. c3 b6 8. a4 Bb7
9. a5 Qc8 10. Nbd2 Ba6 11. Re1 Bxe2 12. Qxe2 Qa6 13. axb6 Qxb6 14. Nc4 Qc7 15.
e4 Nfd7 16. e5 d5 17. Ne3 e6 18. Ng4 Nc6 19. Qd2 cxd4 20. cxd4 Rfb8 21. Nf6+ Kh8
22. Ng5 Nb6 23. Ngxh7 Nc4 24. Qc3 Bxf6 25. Qh3 Rb3 26. g3 Nxd4 27. Nxf6+ 1-0

[Event "Asian Nations Cup 2016"]
[Site "Abu Dhabi UAE"]
[Date "2016.03.30"]
[Round "3.3"]
[White "Edirisinghe, Dulan"]
[Black "Hossain, Enamul"]
[Result "0-1"]
[BlackTitle "GM"]
[WhiteElo "2116"]
[BlackElo "2426"]
[WhiteTeam "Sri Lanka"]
[BlackTeam "Bangladesh"]
[WhiteFideId "9900446"]
[BlackFideId "10200649"]
[EventDate "2016.03.28"]
[EventType "team"]

1. d4 Nf6 2. Bg5 c5 3. Bxf6 gxf6 4. d5 Qb6 5. Qc1 Bh6 6. e3 f5 7. c4 f4 8. exf4
Bxf4 9. Qc2 Be5 10. Nc3 Qg6 11. Qd2 d6 12. Nf3 Bf6 13. g3 h5 14. h4 Bg4 15. Be2
Nd7 16. O-O-O a6 17. Qe3 b5 18. cxb5 axb5 19. Bxb5 O-O 20. Bxd7 Bxd7 21. a3 Bg4
22. Rd2 Rfb8 23. Ng5 Rxa3 24. bxa3 Bxc3 25. Rc2 Bd4 26. Qxe7 Bf5 27. Qe2 Bd3 28.
Qd2 Rb3 0-1

[Event "Asian Nations Cup 2016"]
[Site "Abu Dhabi UAE"]
[Date "2016.03.30"]
[Round "3.4"]
[White "Rahman, Md. Taibur"]
[Black "Subasinghe, K R V R"]
[Result "0-1"]
[WhiteTitle "FM"]
[WhiteElo "2330"]
[BlackElo "1984"]
[WhiteTeam "Bangladesh"]
[BlackTeam "Sri Lanka"]
[WhiteFideId "10200622"]
[BlackFideId "9909117"]
[EventDate "2016.03.28"]
[EventType "team"]

1. d4 b6 2. e4 Bb7 3. Bd3 e6 4. Nf3 d6 5. O-O Ne7 6. Bg5 h6 7. Bh4 Nd7 8. Nbd2
g5 9. Bg3 Bg7 10. c3 Ng6 11. Nc4 O-O 12. Re1 g4 13. Nfd2 h5 14. f3 h4 15. Bf2
Nf4 16. Bf1 f5 17. fxg4 fxe4 18. g3 Ng6 19. Ne3 Qf6 20. Qe2 d5 21. Ng2 Ba6 22.
g5 Qf5 23. Qe3 Bxf1 24. Rxf1 Qg4 25. gxh4 Rf3 26. Nxf3 exf3 27. Bg3 fxg2 28. Rf2
e5 29. dxe5 Ngxe5 30. Qf4 Qxf4 31. Rxf4 c6 32. Kxg2 Nd3 33. Rf5 Nxb2 34. Re1 Nc5
35. Re7 Bxc3 36. h5 Ne4 37. h6 Nc4 38. Rff7 Nxg5 39. Rg7+ Bxg7 40. Rxg7+ Kh8 41.
Rxg5 Rg8 42. h4 Kh7 43. Kf3 Nd2+ 44. Kg4 Ne4 45. Rxg8 Kxg8 46. Bb8 a6 47. Kf5
Kh7 48. Bf4 Nc3 49. Ke5 Nxa2 50. Be3 b5 51. Bd2 b4 52. Kd4 c5+ 53. Kd3 b3 54.
Bf4 c4+ 55. Kd4 0-1

[Event "Asian Nations Cup 2016"]
[Site "Abu Dhabi UAE"]
[Date "2016.03.30"]
[Round "3.1"]
[White "Salem, A.R. Saleh"]
[Black "Asefi, Zaheeruddeen"]
[Result "1-0"]
[WhiteTitle "GM"]
[BlackTitle "FM"]
[WhiteElo "2615"]
[BlackElo "2020"]
[WhiteTeam "UAE - 1"]
[BlackTeam "Afghanistan"]
[WhiteFideId "9301348"]
[BlackFideId "11700025"]
[EventDate "2016.03.28"]
[EventType "team"]

1. d4 Nf6 2. c4 e6 3. Nf3 d5 4. Nc3 Bb4 5. Bg5 c5 6. dxc5 Qa5 7. Bxf6 gxf6 8.
cxd5 Bxc3+ 9. bxc3 Qxc3+ 10. Nd2 exd5 11. e3 Nc6 12. Rc1 Qa5 13. Be2 Be6 14. O-O
O-O-O 15. Nb3 Qa4 16. Nd4 Qxd1 17. Rfxd1 Nxd4 18. Rxd4 Kc7 19. Rf4 f5 20. Bd3 d4
21. exd4 Bxa2 22. Ra1 Be6 23. Rxa7 Ra8 24. Rxa8 Rxa8 25. h4 Ra1+ 26. Kh2 Rd1 27.
Bxf5 Bxf5 28. Rxf5 Rxd4 29. Rxf7+ Rd7 30. Rxd7+ Kxd7 31. g4 Kc6 32. g5 Kxc5 33.
h5 1-0

[Event "Asian Nations Cup 2016"]
[Site "Abu Dhabi UAE"]
[Date "2016.03.30"]
[Round "3.2"]
[White "Mirzaad, S.wahabuddin"]
[Black "Omar, Noaman"]
[Result "0-1"]
[BlackTitle "IM"]
[WhiteElo "2053"]
[BlackElo "2383"]
[WhiteTeam "Afghanistan"]
[BlackTeam "UAE - 1"]
[WhiteFideId "11700785"]
[BlackFideId "9300244"]
[EventDate "2016.03.28"]
[EventType "team"]

1. d4 Nf6 2. c4 e6 3. Nc3 Bb4 4. Qc2 b6 5. Nf3 Bb7 6. e3 c5 7. Be2 O-O 8. O-O
cxd4 9. Nxd4 Nc6 10. Nxc6 Bxc6 11. b3 Qc7 12. Rd1 Rac8 13. Bb2 Qb7 14. Bf1 d5
15. cxd5 Nxd5 16. Nxd5 Bxd5 17. Qd3 Be7 18. Rac1 h6 19. h3 Rxc1 20. Rxc1 Rd8 21.
Qa6 Bc5 22. Qxb7 Bxb7 23. Bc4 a5 24. a4 Be4 25. Bc3 Kf8 26. Kf1 Ke7 27. Bxg7 Rg8
28. Bxh6 Bxg2+ 29. Ke2 Bxh3 30. Bf4 Bg4+ 31. f3 Bh3 32. Rh1 Rg2+ 33. Kf1 Rh2+
34. Kg1 Rxh1+ 35. Kxh1 e5 36. Bxe5 Bxe3 37. Bc3 Be6 38. Bxe6 Kxe6 39. b4 axb4
40. Bxb4 Kd5 41. Kg2 Kc4 42. Be1 Bc5 43. a5 b5 44. a6 Kd5 45. Kf1 Kc6 46. Ba5 b4
47. Bd8 b3 48. Bf6 Ba3 0-1

[Event "Asian Nations Cup 2016"]
[Site "Abu Dhabi UAE"]
[Date "2016.03.30"]
[Round "3.3"]
[White "Saeed, Ishaq"]
[Black "Mehrad, Ahmad Tamim"]
[Result "1/2-1/2"]
[WhiteTitle "FM"]
[WhiteElo "2286"]
[BlackElo "1988"]
[WhiteTeam "UAE - 1"]
[BlackTeam "Afghanistan"]
[WhiteFideId "9301453"]
[BlackFideId "11700491"]
[EventDate "2016.03.28"]
[EventType "team"]

1. c4 e5 2. Nc3 d6 3. g3 Be6 4. Bg2 c6 5. d3 g6 6. Nf3 Bg7 7. Rb1 Ne7 8. Ng5 Bc8
9. b4 O-O 10. O-O h6 11. Nf3 d5 12. e4 dxc4 13. dxc4 Qxd1 14. Rxd1 Be6 15. Bf1
Nd7 16. Be3 Rfd8 17. Nd2 f5 18. Nb3 Kf7 19. f3 Nb6 20. Na5 Rxd1 21. Rxd1 Rb8 22.
Bc5 Nbc8 23. Bf2 b6 24. Nb3 Rb7 25. a4 Rd7 26. Rb1 Bf8 27. c5 Rb7 28. b5 cxb5
29. axb5 bxc5 30. Nxc5 Rc7 31. N3a4 Ng8 32. Nxe6 Kxe6 33. Rd1 Bd6 34. exf5+ gxf5
35. Nb2 Nge7 36. Na4 Nd5 37. Bd3 Nc3 38. Nxc3 Rxc3 39. Kg2 Rc7 40. Be3 h5 41.
Bb1 Bc5 42. Bg5 Nd6 43. Kh3 Bd4 44. Ba2+ Kd7 45. Rb1 Rc5 46. Bb3 Nxb5 47. Ba4 a6
48. Kh4 Kd6 49. Kxh5 Rc8 50. Bxb5 axb5 51. Rxb5 Ke6 52. h4 e4 53. fxe4 Rh8+ 54.
Bh6 fxe4 55. Rb4 Kd5 56. Kg6 Rg8+ 57. Kf5 Rxg3 58. Rb8 Rf3+ 59. Kg4 Be5 60. Rd8+
Ke6 61. Re8+ Kd5 62. Rd8+ Ke6 63. Re8+ Kd5 64. Rd8+ Ke6 1/2-1/2

[Event "Asian Nations Cup 2016"]
[Site "Abu Dhabi UAE"]
[Date "2016.03.30"]
[Round "3.1"]
[White "Dawabsha, Taha"]
[Black "Mohammed, Zozek Salah Mohammed"]
[Result "0-1"]
[BlackTitle "FM"]
[WhiteElo "1912"]
[BlackElo "2256"]
[WhiteTeam "Palestine"]
[BlackTeam "Iraq"]
[WhiteFideId "11502100"]
[BlackFideId "4803361"]
[EventDate "2016.03.28"]
[EventType "team"]

1. c4 Nf6 2. Nc3 d6 3. g3 g6 4. Nf3 Bg7 5. Bg2 e5 6. d3 O-O 7. O-O c6 8. Bg5 h6
9. Bd2 Nbd7 10. Rc1 a5 11. h3 Nh5 12. e4 Nc5 13. Be3 Be6 14. b3 Qc7 15. d4 Na6
16. d5 Bc8 17. Na4 c5 18. Nc3 Kh7 19. Kh2 Qe7 20. Ng1 Bd7 21. Nge2 f5 22. f4
exf4 23. Bxf4 Nxf4 24. Rxf4 Be5 25. Rf1 Rae8 26. Qc2 Qg5 27. a3 h5 28. Kh1 Bxg3
29. Nxg3 Qxg3 30. Rf3 Qh4 31. Rcf1 Re5 32. Rf4 Qg5 33. h4 Qe7 34. Bh3 Nc7 35.
exf5 Bxf5 36. Bxf5 Rexf5 37. Rxf5 Qxh4+ 38. Kg1 Qg4+ 39. Qg2 Qxg2+ 40. Kxg2 Rxf5
41. Ne4 Rxf1 42. Kxf1 Ne8 43. Kg2 Kh6 44. Kg3 g5 45. Kf3 Kg6 46. a4 h4 47. Nf2
Nf6 48. Nd3 Kf5 49. Kg2 g4 50. Kf2 Ne4+ 51. Kg2 Nd2 0-1

[Event "Asian Nations Cup 2016"]
[Site "Abu Dhabi UAE"]
[Date "2016.03.30"]
[Round "3.3"]
[White "Tamra, Attallah"]
[Black "Salih, Akar Ali Salih"]
[Result "0-1"]
[WhiteTitle "CM"]
[BlackTitle "FM"]
[WhiteElo "2058"]
[BlackElo "2279"]
[WhiteTeam "Palestine"]
[BlackTeam "Iraq"]
[WhiteFideId "11500255"]
[BlackFideId "4800575"]
[EventDate "2016.03.28"]
[EventType "team"]

1. Nf3 Nf6 2. g3 g6 3. Bg2 Bg7 4. c4 O-O 5. Nc3 d6 6. d4 Nc6 7. O-O Bf5 8. Nh4
Bd7 9. d5 Na5 10. Qd3 c5 11. e4 a6 12. h3 b5 13. cxb5 axb5 14. Be3 b4 15. Ne2
Qb6 16. a4 bxa3 17. Qxa3 Qb7 18. Qd3 Bb5 19. Qc2 Nd7 20. Rfb1 Ne5 21. Nc1 Nac4
22. Rxa8 Rxa8 23. Bf4 Ba4 24. Qe2 Rb8 25. Bxe5 Nxe5 26. f4 Bb5 27. Qc2 Nc4 28.
Nf3 Ba6 29. Bf1 Bxb2 30. Bxc4 Bd4+ 31. Nxd4 Qxb1 32. Bxa6 cxd4 33. Bd3 Qxc2 34.
Bxc2 Rc8 35. Ne2 Rxc2 36. Nxd4 Rc4 0-1

[Event "Asian Nations Cup 2016"]
[Site "Abu Dhabi UAE"]
[Date "2016.03.30"]
[Round "3.4"]
[White "Abdulwahhab, Ahmed Abdulsattar A"]
[Black "Al-Takrori, Husam"]
[Result "1/2-1/2"]
[WhiteTitle "FM"]
[WhiteElo "2279"]
[BlackElo "2007"]
[WhiteTeam "Iraq"]
[BlackTeam "Palestine"]
[WhiteFideId "4801849"]
[BlackFideId "11501243"]
[EventDate "2016.03.28"]
[EventType "team"]

1. e4 d5 2. exd5 Nf6 3. d4 Bg4 4. Nf3 Qxd5 5. Be2 Nc6 6. h3 Bh5 7. c4 Qd7 8. d5
Bxf3 9. Bxf3 Ne5 10. Be2 c6 11. Nc3 Rd8 12. Qd4 Qf5 13. f4 Ng6 14. g4 Qc8 15. f5
e5 16. Qe3 Ne7 17. Qxe5 Qb8 18. Qxb8 Rxb8 19. Bf4 Rd8 20. d6 Nc8 21. g5 Nxd6 22.
gxf6 Nxf5 23. Be5 g6 24. Bg4 Ne3 25. Bc7 Rd4 26. Ke2 Bh6 27. Be5 Rd8 28. b3 O-O
29. Kf3 Rfe8 30. Ke4 Bg5 31. Raf1 Nxf1 32. Rxf1 h5 33. Be2 Bd2 34. Rf3 Rd6 35.
Rd3 Rxe5+ 36. Kxe5 Rxd3 37. Bxd3 Bxc3+ 38. Kd6 Bxf6 39. Kc7 b6 40. Kxc6 Bd4 41.
b4 g5 42. Be2 Kf8 43. Bxh5 Ke7 44. Bg4 Bc3 45. b5 Bd4 46. Bf5 Bg1 47. a4 Bf2 48.
Bd3 Be3 49. Kb7 Kd6 50. Kxa7 Kc7 51. Ka6 f6 52. Be4 Bf2 53. a5 bxa5 54. Kxa5
Be1+ 55. Ka4 Kb6 56. Kb3 Bf2 57. Kc3 Bg1 58. Kd3 Bf2 59. Bf5 Bg1 60. Ke4 Bf2 61.
Kd5 Be3 1/2-1/2

[Event "Asian Nations Cup 2016"]
[Site "Abu Dhabi UAE"]
[Date "2016.03.30"]
[Round "3.1"]
[White "Aboudi, Marwan"]
[Black "Hamdan, Marshool"]
[Result "1-0"]
[BlackTitle "FM"]
[WhiteElo "2166"]
[BlackElo "2003"]
[WhiteTeam "Jordan"]
[BlackTeam "UAE - 2"]
[WhiteFideId "8100160"]
[BlackFideId "9303804"]
[EventDate "2016.03.28"]
[EventType "team"]

1. d4 f5 2. c4 Nf6 3. g3 d6 4. Nf3 g6 5. Bg2 Bg7 6. O-O O-O 7. Nc3 c6 8. Rb1 Qe8
9. d5 e5 10. dxe6 Qxe6 11. b3 h6 12. Nd4 Qe7 13. b4 Be6 14. Nxe6 Qxe6 15. b5
Qxc4 16. bxc6 bxc6 17. Nb5 Nbd7 18. Nxd6 Qxa2 19. Rb7 Nc5 20. Rb2 Qe6 21. Nb7
Nxb7 22. Rxb7 Rfd8 23. Rxa7 Rxd1 24. Rxa8+ Kh7 25. Rxd1 Qxe2 26. Rf1 Ng4 27. Ra7
Kh8 28. Rd7 c5 29. h3 Ne5 30. Rd8+ Kh7 31. Be3 c4 32. Rb1 c3 33. Rc8 c2 34. Rc1
Nc4 35. Bf1 Qd1 36. Rxc4 Bb2 37. R1xc2 Be5 38. Rd2 Qf3 39. Rd7+ Bg7 40. Rcc7 f4
41. Rxg7+ Kh8 42. Rh7+ Kg8 43. Bc4+ 1-0

[Event "Asian Nations Cup 2016"]
[Site "Abu Dhabi UAE"]
[Date "2016.03.30"]
[Round "3.2"]
[White "Ahmed, Fareed"]
[Black "Alattar, Rakan"]
[Result "0-1"]
[WhiteTitle "FM"]
[BlackTitle "CM"]
[WhiteElo "1995"]
[BlackElo "2065"]
[WhiteTeam "UAE - 2"]
[BlackTeam "Jordan"]
[WhiteFideId "9303677"]
[BlackFideId "8101248"]
[EventDate "2016.03.28"]
[EventType "team"]

1. e4 d6 2. d4 g6 3. Nc3 Bg7 4. Be3 a6 5. Qd2 Nd7 6. O-O-O b5 7. d5 Nb6 8. Bd4
Nf6 9. f3 O-O 10. h4 e5 11. Be3 Nh5 12. Bh6 Ng3 13. Bxg7 Kxg7 14. Rh2 Nxf1 15.
Rxf1 Nc4 16. Qd3 c5 17. dxc6 Qa5 18. f4 Bg4 19. Nf3 h5 20. Nd2 Nxd2 21. Qxd2 b4
22. Nb1 Qxa2 23. Qxd6 exf4 24. Qxb4 Rab8 25. Qc3+ Kg8 26. c7 Rb7 27. Rxf4 Rc8
28. g3 Rcxc7 29. Qf6 Qb3 30. Nc3 Qxb2+ 31. Kd2 Rxc3 0-1

[Event "Asian Nations Cup 2016"]
[Site "Abu Dhabi UAE"]
[Date "2016.03.30"]
[Round "3.3"]
[White "Abo-Hazeem, Mohanned"]
[Black "Ammar, Sedrani"]
[Result "1/2-1/2"]
[BlackTitle "FM"]
[WhiteElo "2045"]
[BlackElo "1701"]
[WhiteTeam "Jordan"]
[BlackTeam "UAE - 2"]
[WhiteFideId "8101159"]
[BlackFideId "9312331"]
[EventDate "2016.03.28"]
[EventType "team"]

1. Nf3 d5 2. d4 e6 3. c4 c6 4. e3 Bd6 5. Nc3 f5 6. cxd5 exd5 7. Ne5 Nf6 8. f4
O-O 9. Be2 Nbd7 10. O-O Ne4 11. Nxe4 fxe4 12. Bd2 Nxe5 13. fxe5 Rxf1+ 14. Qxf1
Be7 15. Qd1 Be6 16. Qb3 Qd7 17. Rf1 a6 18. Bb4 a5 19. Bxe7 Qxe7 20. Qc3 Qg5 21.
Bd1 Rf8 22. Rxf8+ Kxf8 23. Qe1 Ke7 24. a3 Kd7 25. b4 axb4 26. axb4 b5 27. Qg3
Qxg3 28. hxg3 g5 29. Bh5 g4 30. Kf2 Ke7 31. Ke2 Kd7 32. Kf1 Kd8 33. Ke2 Ke7 34.
Kf1 Kd8 35. Ke2 Ke7 36. Kf1 Kd8 37. Ke2 Ke7 1/2-1/2

[Event "Asian Nations Cup 2016"]
[Site "Abu Dhabi UAE"]
[Date "2016.03.30"]
[Round "3.4"]
[White "Abdulla, Al-Hamed"]
[Black "Boshra, Alshaeby"]
[Result "0-1"]
[BlackTitle "WFM"]
[WhiteElo "1871"]
[BlackElo "2021"]
[WhiteTeam "UAE - 2"]
[BlackTeam "Jordan"]
[WhiteFideId "9302328"]
[BlackFideId "8102937"]
[EventDate "2016.03.28"]
[EventType "team"]

1. e4 g6 2. d4 Bg7 3. Nc3 d6 4. Be3 Nf6 5. Nf3 O-O 6. Bc4 Nxe4 7. Nxe4 d5 8. Bd3
dxe4 9. Bxe4 Nd7 10. Qd2 Nf6 11. Bd3 c6 12. Bh6 Bg4 13. Bxg7 Kxg7 14. c3 Qd5 15.
Be2 Rad8 16. O-O c5 17. c4 Qd6 18. d5 e5 19. h3 Bc8 20. Qe3 Rde8 21. Nd2 b6 22.
a4 Qd8 23. a5 Re7 24. Qc3 b5 25. b3 b4 26. Qb2 Ba6 27. Rfe1 Nd7 28. f4 f6 29.
fxe5 Nxe5 30. Ne4 Nd7 31. Bf3 Rfe8 32. Kf2 Ne5 33. Nxc5 Qd6 34. Rxe5 Qxc5+ 0-1